|
|
|
|
| LEADER |
02882nam a2200661 i 4500 |
| 001 |
nkc20152769914 |
| 003 |
CZ PrNK |
| 005 |
20240311093129.0 |
| 007 |
ta |
| 008 |
151230s2015 xr ace e 000 0 slo |
| 015 |
|
|
|a cnb002769914
|
| 020 |
|
|
|a 978-80-263-0563-7
|q (Tribun EU ;
|q kroužková vazba)
|
| 035 |
|
|
|a (OCoLC)946293644
|
| 040 |
|
|
|a BOA001
|b cze
|e rda
|
| 041 |
0 |
|
|a slo
|a eng
|b eng
|b slo
|
| 043 |
|
|
|a e-xo---
|
| 045 |
|
|
|a y1y1
|
| 072 |
|
7 |
|a 72
|x Architektura
|2 Konspekt
|9 21
|
| 080 |
|
|
|a 378.4
|2 MRF
|
| 080 |
|
|
|a 378.2
|2 MRF
|
| 080 |
|
|
|a 72.012.2
|2 MRF
|
| 080 |
|
|
|a (437.6)
|2 MRF
|
| 080 |
|
|
|a (062.552)
|2 MRF
|
| 100 |
1 |
|
|a Kuráň, Jozef
|7 mzk2016905102
|4 aut
|
| 245 |
1 |
0 |
|a Absolventi 2015 a diplomové práce katedry architektúry /
|c autor publikácie Jozef Kuráň = Graduates 2015 and thesis on Department of Architecture / edited by Jozef Kuráň
|
| 246 |
3 |
1 |
|a Graduates 2015 and thesis on Department of Architecture
|
| 264 |
|
1 |
|a Brno :
|b Tribun EU s.r.o.,
|c 2015
|
| 300 |
|
|
|a 64 stran :
|b ilustrace, portréty, plány ;
|c 22 x 31 cm
|
| 336 |
|
|
|a text
|b txt
|2 rdacontent
|
| 336 |
|
|
|a statický obraz
|b sti
|2 rdacontent
|
| 337 |
|
|
|a bez média
|b n
|2 rdamedia
|
| 338 |
|
|
|a svazek
|b nc
|2 rdacarrier
|
| 500 |
|
|
|a Název z obálky
|
| 500 |
|
|
|a 100 výtisků
|
| 546 |
|
|
|a Částečně souběžný anglický text, slovenské a anglické resumé
|
| 550 |
|
|
|a Vydavatel: katedra architektúry, Stavebná fakulta, Slovenská technická univerzita Bratislava
|
| 610 |
2 |
7 |
|a Slovenská technická univerzita (Bratislava, Slovensko).
|b Katedra architektúry
|7 kn20131004006
|2 czenas
|
| 648 |
|
7 |
|a 2015
|7 ch967316
|2 czenas
|
| 648 |
|
7 |
|a 2011-2020
|7 ch460589
|2 czenas
|
| 650 |
0 |
7 |
|a univerzity
|7 ph126937
|z Slovensko
|2 czenas
|
| 650 |
0 |
7 |
|a diplomové práce
|7 ph114327
|z Slovensko
|y 2011-2020
|2 czenas
|
| 650 |
0 |
7 |
|a architektonické projekty
|7 ph137760
|z Slovensko
|y 2011-2020
|2 czenas
|
| 650 |
0 |
9 |
|a universities
|z Slovakia
|2 eczenas
|
| 650 |
0 |
9 |
|a master's theses
|z Slovakia
|y 2011-2020
|2 eczenas
|
| 650 |
0 |
9 |
|a architectural projects
|z Slovakia
|y 2011-2020
|2 eczenas
|
| 651 |
|
7 |
|a Bratislava (Slovensko)
|7 ge128816
|2 czenas
|
| 651 |
|
9 |
|a Bratislava (Slovakia)
|2 eczenas
|
| 655 |
|
7 |
|a sborníky
|7 fd724344
|2 czenas
|
| 655 |
|
9 |
|a papers
|2 eczenas
|
| 700 |
1 |
2 |
|a Kuráň, Jozef.
|t Absolventi 2015 a diplomové práce katedry architektúry
|
| 700 |
1 |
2 |
|a Kuráň, Jozef.
|t Absolventi 2015 a diplomové práce katedry architektúry.
|l Anglicky
|
| 710 |
2 |
|
|a Slovenská technická univerzita (Bratislava, Slovensko).
|b Katedra architektúry
|7 kn20131004006
|4 isb
|
| 910 |
2 |
|
|a BOA001
|b 4-1363.463
|
| 990 |
|
|
|a BK
|
| 995 |
|
|
|a 01
|
| 991 |
|
|
|b 201603
|c NOV
|
| 996 |
6 |
|
|b 2610661768
|c 4-1363.463
|l MZK
|r Sklad / do 1 hodiny
|n 0
|p p.v.
|w 001548362
|u 000010
|a 1
|e BOA001
|j MZK50
|s P
|
| 996 |
7 |
|
|b 2610661769
|c 4-1363.463
|l MZK
|r Sklad / do 1 hodiny
|n 1
|p p.v.
|w 001548362
|u 000020
|a 1
|e BOA001
|j MZK50
|s A
|